<?xml version="1.0" encoding="UTF-8"?>
<record
    xmlns:xsi="http://www.w3.org/2001/XMLSchema-instance"
    xsi:schemaLocation="http://www.loc.gov/MARC21/slim http://www.loc.gov/standards/marcxml/schema/MARC21slim.xsd"
    xmlns="http://www.loc.gov/MARC21/slim">

  <leader>01623nam a22002537a 4500</leader>
  <controlfield tag="005">20260129113913.0</controlfield>
  <controlfield tag="008">230307b           ||||| |||| 00| 0 eng d</controlfield>
  <datafield tag="020" ind1=" " ind2=" ">
    <subfield code="a">9789351485711</subfield>
  </datafield>
  <datafield tag="040" ind1=" " ind2=" ">
    <subfield code="c">AL</subfield>
  </datafield>
  <datafield tag="041" ind1=" " ind2=" ">
    <subfield code="a">English</subfield>
  </datafield>
  <datafield tag="082" ind1=" " ind2=" ">
    <subfield code="2">23</subfield>
    <subfield code="a">115</subfield>
    <subfield code="b">PANT</subfield>
  </datafield>
  <datafield tag="100" ind1=" " ind2=" ">
    <subfield code="a">Kuruvilla Pandikattu </subfield>
    <subfield code="9">253096</subfield>
  </datafield>
  <datafield tag="245" ind1=" " ind2=" ">
    <subfield code="a">Times Up</subfield>
    <subfield code="b"> : The Story of Time Weaving Physics and Philosophy</subfield>
  </datafield>
  <datafield tag="260" ind1=" " ind2=" ">
    <subfield code="a">Delhi</subfield>
    <subfield code="b">Christian World Imprints</subfield>
    <subfield code="c">2021</subfield>
  </datafield>
  <datafield tag="300" ind1=" " ind2=" ">
    <subfield code="a">167p</subfield>
    <subfield code="b">HB</subfield>
    <subfield code="c">23x15cm</subfield>
  </datafield>
  <datafield tag="365" ind1=" " ind2=" ">
    <subfield code="a">02302</subfield>
    <subfield code="c">&#x20B9;</subfield>
    <subfield code="d">&#x20B9;600.00</subfield>
    <subfield code="f">01-12-2022</subfield>
  </datafield>
  <datafield tag="440" ind1=" " ind2=" ">
    <subfield code="a">JD Philosophy Series -19</subfield>
    <subfield code="9">74496</subfield>
  </datafield>
  <datafield tag="520" ind1=" " ind2=" ">
    <subfield code="a">What is time? How does it originate? How will it end? Has it an end? What is its relation to life? Can we at all visualise life without time and time without life? Time and life are intimately interlinked. A modest attempt is made in this book to answer these significant questions from the perspective of science (physics), philosophy and theology. It is emphasised that time has a narrative (historical and fictive) function in our lives. This enables us to visualise time as constitutive us, including all our activities and non-activities. Thus times lives essentially in our human hearts. 
Contents 
Introduction: Mysterious Time 
1. Human Life: Paradoxical Time 
2. Time in Science: Physical Time 
3. Time in Western Philosophy 
4. Time in Indian Philosophy 
5. Ricoeur: Time in Narrative and Fiction 
6. Michael Ende: Lived Time in Our Hearts </subfield>
  </datafield>
  <datafield tag="650" ind1=" " ind2=" ">
    <subfield code="a">Human life</subfield>
    <subfield code="9">74497</subfield>
  </datafield>
  <datafield tag="650" ind1=" " ind2=" ">
    <subfield code="a">Time in Science</subfield>
    <subfield code="9">74498</subfield>
  </datafield>
  <datafield tag="650" ind1=" " ind2=" ">
    <subfield code="a">Time in Western Philosophy</subfield>
    <subfield code="9">74499</subfield>
  </datafield>
  <datafield tag="650" ind1=" " ind2=" ">
    <subfield code="a">Time in Indian Philosophy</subfield>
    <subfield code="9">74500</subfield>
  </datafield>
  <datafield tag="942" ind1=" " ind2=" ">
    <subfield code="2">ddc</subfield>
    <subfield code="c">BK</subfield>
  </datafield>
  <datafield tag="999" ind1=" " ind2=" ">
    <subfield code="c">226930</subfield>
    <subfield code="d">226930</subfield>
  </datafield>
  <datafield tag="952" ind1=" " ind2=" ">
    <subfield code="0">0</subfield>
    <subfield code="1">0</subfield>
    <subfield code="2">ddc</subfield>
    <subfield code="4">0</subfield>
    <subfield code="7">0</subfield>
    <subfield code="8">PSY</subfield>
    <subfield code="a">AL</subfield>
    <subfield code="b">AL</subfield>
    <subfield code="d">2023-03-02</subfield>
    <subfield code="e">Papal Seminary Pune Maharashtra 411014</subfield>
    <subfield code="g">600.00</subfield>
    <subfield code="l">0</subfield>
    <subfield code="o">115 PANT</subfield>
    <subfield code="p">076446</subfield>
    <subfield code="r">2023-03-07 00:00:00</subfield>
    <subfield code="v">600.00</subfield>
    <subfield code="w">2023-03-07</subfield>
    <subfield code="y">BK</subfield>
  </datafield>
</record>
